| 000 | 00657nam a2200241Ia 4500 | ||
|---|---|---|---|
| 005 | 20260121112820.0 | ||
| 008 | 9026 260114s9999 xx 000 0 eng d | ||
| 020 | _a9789812799616 | ||
| 037 | _aEBOOK | ||
| 040 |
_aCRL _beng _cCRL |
||
| 041 |
_aeng _2eng |
||
| 084 | _qCRL | ||
| 100 |
_aChang Chun-Yen Et Al _9963675 |
||
| 245 | 0 | _aMade by Taiwan: Booming in the Information Technology Era | |
| 260 | _bWorld Scientific | ||
| 260 | _bWSPC | ||
| 260 | _c2001 | ||
| 650 |
_aAsian Studies _9963676 |
||
| 856 | _uhttps://www.worldscientific.com/worldscibooks/10.1142/4835#t=toc | ||
| 942 | _cEBOOK | ||
| 999 |
_c1546326 _d1546326 |
||